000 00714nam a2200289Ia 4500
005 20260324122447.0
008 008 260324s9999 xx 000 0 eng d
020 _a9780203098479
037 _aEBOOK
040 _aCRL
040 _beng
040 _cCRL
041 _2eng
041 _aeng
084 _qCRL
100 _aBenjamin Lefebvre
_91166534
245 0 _aTextual Transformations in Children's Literature
245 0 _bAdaptations, Translations, Reconsiderations
260 _bTaylor and Francis
260 _c2013
365 _a
365 _b255
856 _uhttp://www.taylorfrancis.com/books/9780203098479
942 _cEBOOK
999 _c1759299
_d1759299